000 00887cam a22002897 4500
001 a4266
003 DO-SdBPM
005 20250123080034.0
007 a4266
008 080522s2008 sp a | |||| 000 1 spa
015 _a
017 _a
_b
020 _a97884441440728
_z
040 _aDO-SdBPM
_bspa
_cBPMSU
_e
080 _a
082 4 _a808.831
_bC965p 2008
_222
245 1 0 _aCuentos para antes de dormir de todo el mundo /
_c [ilustraciones, Rafael Salmerón... et al.].
260 _aLeón, España :
_bEditorial Everest,
_c2008
300 _a520 p. :
_bil. ;
_c17 cm
590 _aInventariado, 2025/VM
650 4 _aCuentos infantiles
_vColecciones
650 4 _aLiteratura infantil
700 1 _aSalmerón López, Rafael,
_eilustraciones
_d1972-
700 1 _aDubovoy, Silvia
_eselección
910 _aVMateo V. Control de calidad. BPMSU
942 _2ddc
_cBK
999 _c12211
_d12211